Schlachten des 2. Weltkrieges in World Conqueror 4 - Statistiken

Allgemein
  • Dieses Quiz wurde 39 mal gespielt
  • Das Durchschnittsergebnis liegt bei 7 aus 22
Antwortstatistiken
Hint Antwort % Korrekt
Achsenmächte - 10 Schlacht von Stalingrad
97%
Alliierte - 11 Ziel Berlin
86%
Alliierte - 8 Operation Overlord
69%
Achsenmächte - 11 Erobere Europa
55%
Alliierte - 5 Schlacht von Kursk
55%
Achsenmächte - 9 Belagerung von Leningrad
48%
Achsenmächte - 1 Blitzkrieg
48%
Achsenmächte - 7 Operation Barbarossa
38%
Alliierte - 1 Schlacht von Dünkirchen
31%
Achsenmächte - 8 Schlacht von El Alamein
28%
Alliierte - 6 Schlacht um Kiew
24%
Alliierte - 4 Sizilien-Kampagne
21%
Achsenmächte - 6 Balkan-Kampagne
17%
Alliierte - 7 Operation Bagration
17%
Alliierte - 3 Nordafrika-Kampagne
14%
Achsenmächte - 4 Operation Seelöwe
14%
Achsenmächte - 3 Fall Gelb
10%
Alliierte - 9 Operation Dragoon
10%
Alliierte - 10 Operation Market Garden
10%
Achsenmächte - 2 Operation Weserübung
10%
Achsenmächte - 5 Mittelmeerkrieg
7%
Alliierte - 2 Schlacht um Britannien
7%
Keine übereinstimmenden Quizze gefunden
Verteilung der Resultate
Anzahl Personen mit jedem Resultat
Perzentil nach korrekt beantworteten Fragen
Ihre Resultats-Entwicklung
Sie haben dieses Quiz noch nicht gespielt